| 000 | 00469nam a2200181Ia 4500 | ||
|---|---|---|---|
| 001 | 19337 | ||
| 005 | 20260306172645.0 | ||
| 008 | 260306t2004||||xx |||||||||||||| ||spa|| | ||
| 041 | _aESP | ||
| 082 |
_a658.8342 _bH27 |
||
| 100 |
_aHawkins, Delbert I. _eAUT |
||
| 245 | 0 |
_aComportamiento del consumidor: _bconstruyendo estrategias de marketing |
|
| 260 | _c2004 | ||
| 300 |
_a758 páginas : _c27 cm. |
||
| 650 | _aGEN | ||
| 654 | _aCAN | ||
| 942 |
_cLIB _dJUS _fJUS _2ddc _n |
||
| 999 |
_c19337 _d19337 |
||